[Event "Bad Woerishofen op"]
[Site "Bad Woerishofen"]
[Date "2001.??.??"]
[Round "9"]
[White "Lechner, Otto"]
[Black "Emami, Madjid"]
[Result "1/2-1/2"]
[WhiteElo "1810"]
[BlackElo "2140"]
[Annotator "ChessOrg"]
[PlyCount "59"]
[EventDate "1998.03.05"]
[Source "ChessBase"]
[SourceDate "1998.04.29"]

1. d4 {A41: Moderne Verteidigung} 1... g6 2. c4 Bg7 3. Nc3 d6 4. Nf3 Nd7 5. e4
c6 6. Be3 {letzter Buchzug} 6... Qc7 7. Rc1 e5 8. d5 Nh6 9. Bd3 O-O 10. h3 f6 (
10... f5 11. O-O $11) 11. Qd2 $14 11... Nf7 12. g4 Nc5 13. Bb1 a5 14. b3 Re8
15. Nh4 Qe7 16. Ng2 Bf8 17. Rd1 Qc7 18. f3 Be7 19. h4 Bd8 20. h5 g5 21. Qf2 Be7
22. O-O Bd7 23. Ne1 Rad8 24. Nc2 Nh6 25. Qg2 Qc8 26. Bxc5 (26. Qg3 26... Qc7
$16) 26... dxc5 27. Ne3 Qc7 28. Rd2 Nf7 29. Rfd1 Bc8 30. Kh1 1/2-1/2

[Event "Bad Woerishofen op"]
[Site "?"]
[Date "2001.??.??"]
[Round "1"]
[White "Levin, Felix"]
[Black "Straub, Peter"]
[Result "1-0"]
[WhiteElo "2531"]
[BlackElo "2068"]
[Annotator "ChessOrg"]
[PlyCount "67"]
[EventDate "2000.??.??"]

1. d4 {E14: Damenindisch (Zentralsystem)} 1... Nf6 2. c4 e6 3. Nf3 b6 4. e3 Bb7
5. Bd3 Be7 6. Nc3 d5 7. O-O O-O 8. b3 c5 9. Bb2 Nc6 10. cxd5 exd5 11. Ne2 Ne4
12. Rc1 {letzter Buchzug} 12... Rc8 13. Ng3 (13. dxc5 bxc5 14. Bb1 Bf6 15. Bxf6
15... Qxf6 $11) 13... f5 (13... Nb4 $5 $15) 14. Nh5 Qe8 15. Nf4 Nb4 16. dxc5
Nxd3 (16... bxc5 17. a3 Nxd3 18. Qxd3 $11) 17. Qxd3 $14 17... Nxc5 18. Qd1 Bf6
(18... Qd7 19. Ne5 Qd6 20. Qd4 $11) 19. Bxf6 $16 19... Rxf6 20. b4 (20. Nxd5 $2
20... Rd6 $19) 20... Na6 (20... Ne4 21. Rxc8 Qxc8 22. Nxd5 $16) 21. Rxc8 $16 (
21. Nxd5 $6 21... Rd6 22. Rxc8 22... Bxc8 $15) 21... Qxc8 22. Nxd5 Bxd5 23.
Qxd5+ Kh8 24. a3 h6 25. g3 Qc3 26. Rd1 Nc7 27. Qb7 Qc6 (27... Kh7 28. Rd7 Ne6
29. Rf7 $18 (29. Qxa7 $6 29... f4 $16)) 28. Qb8+ (28. Qxc6 $5 28... Rxc6 29.
Nd4 29... Rf6 $18) 28... Kh7 29. Ne5 Qc2 30. Rd7 Qb1+ 31. Kg2 Qe4+ 32. Nf3 Ne6
33. Qe5 33... Qa8 $4 (33... Qxe5 $142 34. Nxe5 34... a6 $18) 34. Qxf6 (34. Qxf6
Qe4 35. Re7 $18) 1-0

[Event "Bad Woerishofen op"]
[Site "Bad Woerishofen"]
[Date "2001.??.??"]
[Round "3"]
[White "Levin, Felix"]
[Black "Heinig, Wolfram"]
[Result "1-0"]
[WhiteElo "2531"]
[BlackElo "2302"]
[Annotator "ChessOrg"]
[PlyCount "87"]
[EventDate "1998.03.05"]
[Source "ChessBase"]
[SourceDate "1998.04.29"]

1. d4 {E94: Koenigsindisch (Klassisches System)} 1... Nf6 2. c4 d6 3. Nc3 Nbd7
4. Nf3 g6 5. e4 e5 6. Be2 Bg7 7. O-O O-O 8. Qc2 c6 9. Rd1 Qe7 10. d5 c5 11. Bg5
h6 12. Bd2 Ne8 13. g3 13... f5 {letzter Buchzug} 14. Nh4 Qf7 15. exf5 gxf5 16.
f4 e4 17. Kh1 Ndf6 18. Rg1 Bd7 19. h3 (19. Nd1 19... b5 $14) 19... h5 (19... b5
20. Be3 $11) 20. Raf1 (20. Nd1 20... b5 $16) 20... a6 (20... b5 $5 $11) 21. Nd1
$16 21... b5 22. b3 (22. Ne3 bxc4 23. Nhxf5 Bxf5 24. Nxf5 24... Nxd5 $14) 22...
Bh6 23. Ne3 Ng7 24. Bc3 b4 25. Bb2 Rae8 26. Qd1 Re7 27. a3 (27. g4 hxg4 28.
hxg4 Nxg4 29. Bxg4 fxg4 30. Nxg4 30... Bxf4 $18) 27... bxa3 $11 28. Bxa3 Rb8
29. Qc2 Bc8 30. Qc3 Reb7 31. Bd1 Bd7 32. Bb2 Rf8 33. Qa5 Bc8 34. Bc3 Qc7 35.
Qa1 (35. Qxa6 Ra7 36. Qc6 Qb8 37. Bxf6 37... Bd7 $11) 35... Qf7 $14 36. Rg2 Kh7
37. Qa5 Ng8 38. b4 cxb4 39. Bxb4 Qe7 40. Ba4 (40. Bc3 40... Nf6 $16) 40... Rc7
(40... Qd8 $5 $14 $142) 41. Bc6 $16 41... Rf7 (41... Ra7 $5 $16) 42. Qa3 $18
42... Ne8 43. Ba5 Bf8 (43... Ng7 44. Bxc7 Qxc7 45. c5 dxc5 46. Rc2 $18) 44. Rb1
(44. Rb1 Rxc6 45. dxc6 $18) 1-0

[Event "Bad Woerishofen op"]
[Site "Bad Woerishofen"]
[Date "2001.??.??"]
[Round "5"]
[White "Levin, Felix"]
[Black "Senff, Martin"]
[Result "1-0"]
[WhiteElo "2530"]
[BlackElo "2440"]
[Annotator "ChessOrg"]
[PlyCount "67"]
[EventDate "1998.03.05"]
[Source "ChessBase"]
[SourceDate "1998.04.29"]

1. d4 {D45: Damengambit (Anti-Meraner Variante)} 1... Nf6 2. c4 e6 3. Nf3 d5 4.
Nc3 c6 5. e3 Nbd7 6. Qc2 Bd6 7. b3 O-O 8. Be2 Qe7 9. O-O dxc4 10. bxc4 e5 11.
Rd1 Re8 12. Rb1 e4 13. Nd2 Nf8 14. c5 Bc7 15. Nc4 Ng6 16. Ba3 16... Nh4 {
letzter Buchzug} 17. Nd6 Bxd6 18. cxd6 Qe6 19. Bf1 Qg4 (19... Rd8 20. d5 cxd5
21. Qb3 $14) 20. Kh1 (20. d5 cxd5 21. Nxd5 Nxd5 22. Rxd5 22... Be6 $14) 20...
Qh5 21. Ne2 Nxg2 (21... Ng6 $5 $142 22. Ng3 22... Qg4 $14) 22. Ng3 $16 (22.
Kxg2 Bh3+ 23. Kg1 Bxf1 24. Kxf1 24... Rab8 $18) 22... Qh4 23. Kxg2 (23. Bxg2
$142 23... Ng4 24. h3 Nxe3 25. fxe3 Qxg3 26. d5 cxd5 27. Rxd5 $16) 23... Ng4
$15 24. h3 (24. Nxe4 $2 24... Rxe4 25. d7 Qxh2+ 26. Kf3 26... Bxd7 $19) 24...
Nxe3+ 25. fxe3 Bxh3+ 26. Kf2 26... Re6 $4 (26... Bxf1 27. Kxf1 27... Qxg3 $14)
27. Bxh3 $18 (27. Rxb7 $4 27... Rf6+ 28. Ke2 Qxg3 29. Qxe4 Qf2+ 30. Kd3 Bf5 31.
Qxf5 Qxf5+ 32. Kc3 Qa5+ 33. Kb3 33... Re6 $19) 27... Qxh3 28. Rg1 Rf6+ 29. Ke1
Rf3 30. Qxe4 (30. Ne2 $5 $142 30... Rxe3 31. Bc1 Qh4+ 32. Kd1 Rd3+ 33. Bd2 $18)
30... Rxg3 31. Rxg3 Qxg3+ 32. Kd1 32... Qh3 $2 (32... Qg1+ $142 33. Kc2 Qf2+
34. Kb3 34... Qf6 $18) 33. Rxb7 Qf1+ 34. Kc2 (34. Kc2 Qe2+ 35. Kb1 Qf1+ 36. Bc1
$18) 1-0

[Event "Bad Woerishofen op"]
[Site "Bad Woerishofen"]
[Date "2001.??.??"]
[Round "7"]
[White "Levin, Felix"]
[Black "Farago, Ivan"]
[Result "1/2-1/2"]
[WhiteElo "2531"]
[BlackElo "2453"]
[Annotator "ChessOrg"]
[PlyCount "39"]
[EventDate "1998.03.05"]
[Source "ChessBase"]
[SourceDate "1998.04.29"]

1. d4 {E32: Nimzoindisch (4.Dc2)} 1... Nf6 2. c4 e6 3. Nc3 Bb4 4. Qc2 O-O 5. e4
d5 6. e5 Ne4 7. a3 Bxc3+ 8. bxc3 c5 9. Bb2 {letzter Buchzug} 9... cxd4 10. cxd4
Nc6 11. Bd3 f5 12. exf6 Qa5+ 13. Ke2 Nxf6 14. c5 (14. Nf3 dxc4 15. Bxc4 15...
Nd5 $14) 14... Bd7 (14... b6 $5 $11) 15. Nf3 $14 15... Be8 16. Ng5 Bh5+ 17. f3
(17. Kf1 $5 $142 17... Ng4 18. Bxh7+ Kh8 19. Nf3 $16) 17... h6 $11 18. Nh7 (18.
Nxe6 $2 18... Rae8 $19) 18... Nxh7 19. Bxh7+ Kh8 20. Kf2 1/2-1/2

[Event "Bad Woerishofen op"]
[Site "Bad Woerishofen"]
[Date "2001.??.??"]
[Round "9"]
[White "Levin, Felix"]
[Black "Horvath, Peter"]
[Result "1/2-1/2"]
[WhiteElo "2531"]
[BlackElo "2396"]
[Annotator "ChessOrg"]
[PlyCount "111"]
[EventDate "1998.03.05"]
[Source "ChessBase"]
[SourceDate "1998.04.29"]

1. d4 {E05: Katalanisch} 1... d5 2. Nf3 Nf6 3. c4 e6 4. g3 Be7 5. Bg2 O-O 6.
O-O dxc4 7. Qc2 a6 8. a4 Bd7 9. Qxc4 Bc6 10. Bg5 10... b5 {letzter Buchzug} 11.
Qc2 Be4 12. Qd1 Bb7 13. axb5 axb5 14. Rxa8 Bxa8 15. Nc3 (15. Nbd2 h6 16. Bxf6
16... Bxf6 $11 (16... gxf6 $143 17. Qb3 $16)) 15... b4 16. Na4 Nbd7 17. Ne1
Bxg2 18. Nxg2 h6 19. Bxf6 Nxf6 (19... gxf6 $143 20. e4 $14) 20. Ne3 Qd7 21. Qc2
Ra8 22. b3 Qxd4 23. Qxc7 Qd8 24. Rc1 Bf8 25. Qxd8 Rxd8 26. Nc4 g5 27. Ncb2 Ne4
28. Nd3 Nd2 29. Nac5 Rc8 30. f3 Bg7 31. Kf2 Bd4+ 32. e3 Bxc5 33. Nxc5 (33. Rxc5
$5 $142 33... Rb8 34. Ke2 Nxb3 35. Rc4 $11) 33... g4 $17 34. Ke2 (34. fxg4 $4
34... Rxc5 $1 35. Rxc5 Ne4+ 36. Ke2 36... Nxc5 $19) 34... Nxf3 35. h3 h5 36.
hxg4 hxg4 37. Nd3 Rxc1 38. Nxc1 Ng5 39. Kd3 f5 40. Kc4 Ne4 41. Ne2 Nf6 42. Kxb4
Nd5+ 43. Kc5 Nxe3 44. b4 Kf7 45. b5 Nd5 46. Kd6 Nb6 47. Kc6 Nc4 48. Kc5 Ne5 49.
b6 (49. Kd6 $5 49... Kf6 50. Nf4 Nc4+ 51. Kc5 $11) 49... Nd7+ $15 50. Kc6 Nxb6
51. Kxb6 e5 52. Kc5 f4 53. gxf4 exf4 54. Nxf4 g3 55. Kd4 Kf6 56. Ng2 1/2-1/2

[Event "Bad Woerishofen op"]
[Site "?"]
[Date "2001.??.??"]
[Round "1"]
[White "Lieb, Harald"]
[Black "Sepp, Lothar"]
[Result "1-0"]
[WhiteElo "2259"]
[BlackElo "1866"]
[Annotator "ChessOrg"]
[PlyCount "71"]
[EventDate "2000.??.??"]

1. d4 {E07: Katalanisch} 1... d5 2. c4 e6 3. Nf3 c6 4. g3 Nf6 5. Bg2 Nbd7 6.
O-O Be7 7. b3 O-O 8. Nc3 8... Qc7 {letzter Buchzug} 9. Bb2 dxc4 10. bxc4 Rd8
11. e4 e5 12. d5 Nc5 13. Qe2 Bg4 14. h3 Bxf3 15. Bxf3 Qa5 16. Rfd1 Ne8 17. Bg2
Bf6 18. Rd2 Bg5 19. Rc2 Nd6 20. Rf1 Bf6 21. Ba1 Rab8 22. Nd1 b5 (22... Qa4 $5
$14 $142) 23. cxb5 $16 23... Qxb5 24. Qxb5 Rxb5 25. Nc3 Rb4 26. dxc6 Rc4 27.
Re2 Ne6 28. Nd5 28... Rxc6 $2 (28... Ne8 29. Rb1 $16) 29. f4 (29. Bxe5 Bxe5 30.
Ne7+ Kf8 31. Nxc6 Nd4 32. Nxd4 32... Bxd4 $18) 29... Nc4 $2 (29... Nc8 $5 $18
$142) 30. fxe5 (30. Nxf6+ $6 30... gxf6 31. Rc2 31... Rdc8 $14) 30... Bg5 31.
h4 Nd2 32. hxg5 Nxf1 33. Ne7+ (33. Bxf1 $6 33... Rc1 34. Bb2 34... Rd1 $16) (
33. Kxf1 $6 33... Rc1+ 34. Re1 34... Rc2 $16) 33... Kf8 34. Nxc6 Rd1 35. Bxf1
Rxa1 36. Rb2 (36. Rb2 g6 37. Kf2 $18) 1-0

[Event "Bad Woerishofen op"]
[Site "Bad Woerishofen"]
[Date "2001.??.??"]
[Round "5"]
[White "Lieb, Harald"]
[Black "Jenni, Florian"]
[Result "0-1"]
[WhiteElo "2259"]
[BlackElo "2493"]
[Annotator "ChessOrg"]
[PlyCount "96"]
[EventDate "1998.03.05"]
[Source "ChessBase"]
[SourceDate "1998.04.29"]

1. Nf3 {E98: Koenigsindisch (Klassisches System)} 1... Nf6 2. c4 g6 3. Nc3 Bg7
4. e4 d6 5. d4 O-O 6. Be2 e5 7. O-O Nc6 8. d5 Ne7 9. Ne1 Nd7 10. Nd3 f5 11.
exf5 gxf5 12. f4 Ng6 13. Be3 13... Qf6 {letzter Buchzug} 14. Qd2 exf4 15. Nxf4
Nxf4 16. Bxf4 Ne5 17. Rad1 a6 18. Rfe1 Bd7 19. Bf1 Rae8 20. Re3 Ng6 21. Bg5 Qf7
22. Rxe8 Rxe8 23. Bd3 Ne5 24. Rf1 Qg6 25. Bf4 Kh8 26. Nd1 b5 27. b3 bxc4 28.
bxc4 Nxd3 29. Qxd3 Qf6 30. Be3 a5 31. Qd2 a4 32. Bf2 f4 33. Qa5 c5 34. Re1 (34.
Qa7 Bf5 35. Qxa4 35... Qg6 $11) 34... Rxe1+ (34... Rg8 35. Qa7 Bh3 36. a3 $19 (
36. gxh3 Qg6+ 37. Kh1 37... Bc3 $19)) 35. Qxe1 (35. Bxe1 $5 35... Qe7 36. Bc3
$11) 35... h6 $15 36. Qe2 Kh7 (36... Qg6 $5 37. Be1 37... Bg4 $15) 37. Be1 $11
37... Qd4+ 38. Nf2 (38. Kh1 Bf5 39. Bc3 Qe4 40. Qxe4 40... Bxe4 $17) 38... Bf5
$15 39. h3 a3 40. Kh2 Be5 41. Qf3 $2 (41. Qh5 $142 41... Bg6 42. Qg4 Qxc4 43.
Qd7+ Kh8 44. Ng4 Qxd5 45. Bh4 $19) 41... Qe3 $19 42. Qd1 f3+ 43. g3 (43. Kg1
fxg2 44. Kxg2 Qg3+ 45. Kf1 Bxh3+ 46. Nxh3 Qxh3+ 47. Ke2 Qg4+ 48. Kd2 Bc3+ 49.
Kc2 Qxd1+ 50. Kxd1 50... Bxe1 $19) 43... h5 (43... Bc3 44. Ng4 Qxe1 45. Qxf3
Qd2+ 46. Nf2 $19) 44. Qd2 (44. h4 $19) 44... Qxd2 45. Bxd2 Bb1 46. Bc1 (46. Kg1
Bxa2 47. Bc1 $19) 46... Bb2 47. Bxb2 (47. Be3 Bxa2 48. Bxc5 dxc5 49. Ne4 $19)
47... axb2 48. Nd1 48... f2 $1 (48... f2 49. Nxf2 49... Bxa2 $19) 0-1

[Event "Bad Woerishofen op"]
[Site "Bad Woerishofen"]
[Date "2001.??.??"]
[Round "8"]
[White "Lieb, Harald"]
[Black "Engl, Heinz"]
[Result "1-0"]
[WhiteElo "2259"]
[BlackElo "2142"]
[Annotator "ChessOrg"]
[PlyCount "61"]
[EventDate "1998.03.05"]
[Source "ChessBase"]
[SourceDate "1998.04.29"]

1. Nf3 {A35: Englische Eroeffnung (Symmetrische Variante)} 1... Nf6 2. c4 c5 3.
g3 Nc6 4. Bg2 g6 5. O-O Bg7 6. d4 cxd4 7. Nxd4 O-O 8. Nc3 8... a6 {
letzter Buchzug} 9. Nc2 d6 10. b3 Be6 11. Bb2 Rc8 12. Rc1 (12. Nd5 12... Re8
$11) 12... Qa5 $11 13. Ba1 Qh5 (13... Ng4 14. Qd2 $11) 14. Nd5 $14 14... Bxd5
15. cxd5 Ne5 16. h3 Rc5 17. f4 Ned7 18. g4 Qh4 19. Bd4 g5 (19... Rxd5 20. Bxf6
Nxf6 21. Bxd5 Qxh3 22. Bg2 (22. Bxb7 $6 22... Nxg4 23. Rf2 Nxf2 24. Kxf2 Qh2+
25. Bg2 25... Bb2 $11) 22... Qxg4 23. e4 $18) 20. fxg5 Qxg5 21. Rf5 Qg6 22.
Bxc5 Nxc5 23. b4 Nce4 24. Qd3 e6 25. dxe6 fxe6 26. Rff1 d5 27. Nd4 Nd7 28.
Rxf8+ (28. Bxe4 dxe4 29. Qc4 29... Re8 $18) 28... Bxf8 $2 (28... Nxf8 29. Nb3
29... Qh6 $18) 29. Bxe4 dxe4 30. Qc4 Kf7 (30... b5 31. Qb3 31... Nb6 $18) 31.
Qc8 (31. Qc8 Nf6 32. Qxe6+ Kg7 33. Rc8 $18) 1-0

[Event "Bad Woerishofen op"]
[Site "?"]
[Date "2001.??.??"]
[Round "1"]
[White "Lindenmair, Anton"]
[Black "Klein, Thomas"]
[Result "0-1"]
[WhiteElo "2105"]
[BlackElo "1496"]
[Annotator "ChessOrg"]
[PlyCount "78"]
[EventDate "2000.??.??"]

1. d4 {E01: Katalanisch} 1... Nf6 2. c4 e6 3. g3 d5 4. Bg2 b6 5. Nf3 {
letzter Buchzug} 5... Nbd7 6. O-O Bd6 7. Nc3 a6 8. Qb3 dxc4 9. Qxc4 Bb7 10. e4
Nxe4 11. Ne5 b5 12. Qb3 (12. Qd3 12... Nec5 $17) 12... Nec5 13. dxc5 Nxc5 14.
Bxb7 $2 (14. Qa3 $142 14... Bxg2 15. Kxg2 $17) 14... Nxb3 $19 15. Nc6 Nxa1 16.
Nxd8 Rxd8 17. Bc6+ (17. Bxa6 b4 18. Nb5 18... Nc2 $19) 17... Kf8 18. Be4 b4 19.
Ne2 b3 (19... Be5 20. f4 Bd4+ 21. Nxd4 Rxd4 22. Bb1 $19) 20. Bd2 (20. Bg5 f6
21. Rxa1 21... fxg5 $19) 20... Nc2 (20... Be5 21. Bc3 Bxc3 22. Nxc3 $19) 21.
axb3 Nb4 22. Ra1 Ke7 23. Bc3 f6 24. Nd4 Kf7 (24... c5 $5 $142 25. Nc6+ Nxc6 26.
Bxc6 $19) 25. Bxb4 Bxb4 26. Nc6 Rd2 27. Nxb4 Rd4 (27... Rxb2 $143 28. Rc1 Rc8
29. Bb7 $14) 28. Rc1 Rxe4 (28... Rxb4 $6 29. Rxc7+ Ke8 30. Rc8+ Ke7 31. Rxh8
Rxe4 32. Rxh7 $11) 29. Rxc7+ Kg6 30. Nxa6 Rd8 31. Nc5 Re2 32. Kf1 Rdd2 33. Nd3
e5 34. h4 (34. Rc4 f5 35. h3 Kg5 36. f4+ exf4 37. Nxf4 Rf2+ 38. Kg1 38... Rxb2
$19) 34... Kh6 35. g4 e4 36. g5+ $2 (36. Nf4 $142 36... Rxf2+ 37. Ke1 $19)
36... fxg5 37. hxg5+ Kxg5 38. f4+ (38. Nc1 Rxf2+ 39. Ke1 $19) 38... exf3 39.
Nc5 Rd1# 0-1

[Event "Bad Woerishofen op"]
[Site "Bad Woerishofen"]
[Date "2001.??.??"]
[Round "3"]
[White "Lindenmair, Anton"]
[Black "Noras, Peter"]
[Result "0-1"]
[WhiteElo "2105"]
[BlackElo "1632"]
[Annotator "ChessOrg"]
[PlyCount "24"]
[EventDate "1998.03.05"]
[Source "ChessBase"]
[SourceDate "1998.04.29"]

1. d4 {D11: Damengambit (Slawische Verteidigung)} 1... d5 2. c4 c6 3. Nf3 Nf6
4. Qc2 Bg4 5. Ne5 5... Bh5 {letzter Buchzug} 6. e3 Nbd7 7. Nc3 e6 8. cxd5 Nxe5
(8... exd5 9. Bd3 $15) 9. dxe5 $11 9... Nxd5 10. a3 (10. e4 10... Bg6 $15)
10... Be7 (10... Nxc3 11. bxc3 Qd5 12. e4 Qxe5 13. Be3 $17) 11. e4 Nxc3 12.
Qxc3 $4 (12. bxc3 $142 12... Qa5 13. Rb1 $17) 12... Qd1# 0-1

[Event "Bad Woerishofen op"]
[Site "Bad Woerishofen"]
[Date "2001.??.??"]
[Round "7"]
[White "Lindenmair, Anton"]
[Black "Stiepan, Hans-Michael"]
[Result "1-0"]
[WhiteElo "2105"]
[BlackElo "1839"]
[Annotator "ChessOrg"]
[PlyCount "53"]
[EventDate "1998.03.05"]
[Source "ChessBase"]
[SourceDate "1998.04.29"]

1. d4 {E18: Damenindisch (Hauptfortsetzung)} 1... Nf6 2. c4 e6 3. g3 d5 4. Bg2
b6 5. Nf3 Bb7 6. O-O Be7 7. Ne5 O-O 8. Nc3 c5 9. dxc5 {letzter Buchzug} 9...
Bxc5 10. Bg5 h6 (10... Be7 11. cxd5 exd5 12. Bxf6 Bxf6 13. f4 $14) 11. Bxf6 (
11. cxd5 $5 11... hxg5 12. dxe6 Qxd1 13. Rfxd1 (13. Raxd1 $143 13... Bxg2 14.
exf7+ Rxf7 15. Kxg2 15... Rf8 $15) (13. exf7+ Rxf7 14. Rfxd1 Bxf2+ 15. Kxf2
Ng4+ 16. Kg1 16... Nxe5 $17) 13... Bxg2 14. exf7+ Kh7 15. Kxg2 $14) 11... Qxf6
$11 12. Nd3 Rd8 (12... Bd4 13. Nb5 Nd7 14. cxd5 Bxd5 15. e4 $14) 13. Nxc5 bxc5
14. cxd5 Na6 15. e4 exd5 16. exd5 Nb4 17. a3 Na6 18. Qd2 Rab8 19. Rad1 Nc7 20.
Rfe1 Ne6 21. Re4 (21. Qd3 Ba8 22. Qc4 22... Ng5 $18 (22... Rxb2 $4 23. Ne4 Qe7
24. dxe6 Rxd1 25. Rxd1 fxe6 26. Nxc5 $18)) 21... g5 (21... Nd4 22. b4 $18) 22.
h4 Qf5 (22... Ba6 23. Ra4 Rb6 24. Qe3 $18) 23. hxg5 hxg5 (23... Nxg5 24. Re7
24... Rd7 $18) 24. Qe3 Nd4 (24... Ng7 $18) 25. Re5 Qf6 26. Rxg5+ Kf8 27. Ne4 (
27. Ne4 Qh8 28. Nxc5 $18) 1-0

[Event "Bad Woerishofen op"]
[Site "Bad Woerishofen"]
[Date "2001.??.??"]
[Round "9"]
[White "Lindenmair, Anton"]
[Black "Heinig, Wolfram"]
[Result "0-1"]
[WhiteElo "2105"]
[BlackElo "2302"]
[Annotator "ChessOrg"]
[PlyCount "48"]
[EventDate "1998.03.05"]
[Source "ChessBase"]
[SourceDate "1998.04.29"]

1. d4 {A53: Altindisch} 1... Nf6 2. c4 d6 3. Nc3 Nbd7 4. Nf3 g6 5. e4 e5 6. h3
6... Bg7 {letzter Buchzug} 7. Bg5 h6 8. Be3 exd4 9. Nxd4 O-O 10. Qd2 Kh7 11. g4
Re8 12. f3 c6 (12... Ne5 13. Be2 $11) 13. O-O-O Nb6 (13... Ne5 14. Be2 $14) 14.
g5 $16 14... Nh5 (14... hxg5 15. Bxg5 Qc7 16. Qf2 $14) 15. gxh6 Bf6 16. Rg1 d5
17. exd5 Bxh3 18. c5 (18. Nxc6 bxc6 19. Bxb6 (19. Bxh3 $2 19... Nxc4 20. Qf2
20... Bxc3 $19) 19... Bxc3 20. Qxc3 (20. Bxd8 $143 20... Bxd2+ 21. Rxd2 21...
Bxf1 $17) (20. bxc3 Qxb6 21. c5 Qxc5 22. Bxh3 22... Nf4 $19) 20... axb6 21.
Bxh3 Rxa2 22. Kb1 $11) 18... Nxd5 $2 (18... Bxf1 $142 19. cxb6 Bc4 20. dxc6
20... Qxb6 $14) 19. Nxd5 $18 (19. Bxh3 Nxe3 20. Ne4 Rxe4 21. fxe4 21... Nxd1
$19) 19... Qxd5 20. Bxh3 Qxa2 21. Bg5 $4 (21. Bd7 Re5 22. Qc3 $16) 21... Re5
$17 22. Ne2 $2 (22. Ne6 22... Rd8 $1 23. Qb4 Bxg5+ 24. Nxg5+ Rxg5 25. Rge1
Rxd1+ 26. Rxd1 $19) 22... Rd8 (22... Rxc5+ $143 23. Nc3 Rd8 24. Bxf6 Rxd2 25.
Rxd2 Nxf6 26. Rgd1 $19) 23. Bxf6 (23. Nc3 Rxc5 24. Qe3 Bxc3 25. Qxc3 Rxc3+ 26.
bxc3 $19) 23... Rxd2 24. Rxd2 Nxf6 (24... Nxf6 25. Rgd1 Rxc5+ 26. Nc3 26... Nd5
$19) 0-1

[Event "Bad Woerishofen op"]
[Site "Bad Woerishofen"]
[Date "2001.??.??"]
[Round "2"]
[White "Liszka, Guenter"]
[Black "Ries, Berthold"]
[Result "1/2-1/2"]
[WhiteElo "1750"]
[BlackElo "2014"]
[Annotator "ChessOrg"]
[PlyCount "108"]
[EventDate "1998.03.05"]
[Source "ChessBase"]
[SourceDate "1998.04.29"]

1. e4 {B92: Sizilianisch (Najdorf-Variante mit 6.Le2)} 1... c5 2. Nf3 d6 3. d4
cxd4 4. Nxd4 Nf6 5. Nc3 a6 6. Be2 e5 7. Nb3 Be7 8. O-O O-O 9. Be3 Be6 10. f4
Qc7 11. Bf3 {letzter Buchzug} 11... exf4 12. Bxf4 Nbd7 13. Nd5 Bxd5 14. exd5
Rac8 15. Rc1 Qc4 16. Bg3 (16. Qd4 16... Rfe8 $11) 16... Nb6 (16... Ne5 17. Qd2
$15) 17. Nd4 Nbxd5 18. Nf5 Rfe8 (18... Qxa2 $4 19. Bxd5 Nxd5 20. Qxd5 Qxd5 21.
Nxe7+ Kh8 22. Nxd5 $18) 19. Re1 (19. b3 $5 19... Qc5+ 20. Bf2 $15) 19... Bf8
$17 (19... Qxa2 20. c4 Rxc4 21. Bxd5 Rxc1 22. Nxe7+ Rxe7 23. Qxc1 (23. Bxa2 $6
23... Rxe1+ 24. Qxe1 Rxe1+ 25. Bxe1 25... Kf8 $14) 23... Rxe1+ 24. Bxe1 $18)
20. b3 Rxe1+ 21. Qxe1 Qc5+ 22. Bf2 Qb4 23. c4 Qxe1+ (23... Re8 24. Qxb4 Nxb4
25. Rd1 $11) 24. Rxe1 Nb4 25. Bxb7 Rb8 26. Bf3 Nxa2 27. Bd4 Rxb3 28. Nh6+ gxh6
29. Bxf6 Rb8 30. Re4 h5 31. Bxh5 Bh6 32. Re7 Rf8 33. Rd7 Be3+ 34. Kf1 Bc5 35.
Re7 Nb4 36. Re4 Rb8 37. Rg4+ Kf8 38. Rg7 Nd3 39. Rxh7 (39. Rxf7+ $143 39... Kg8
40. g3 Rb1+ 41. Ke2 Nc1+ 42. Kd2 Nb3+ 43. Kc2 Rf1 44. Kxb3 44... Rf5 $18) 39...
Rb1+ 40. Ke2 Nf4+ 41. Kd2 Ng6 42. Bf3 Bb4+ 43. Kc2 Re1 44. h4 (44. Bd5 $5 $16
$142) 44... Re6 $14 45. Bd4 Ne5 46. Bd5 Rf6 47. Rh5 Rf4 48. Bxe5 dxe5 49. Rxe5
Rxh4 50. Rf5 Rh7 51. Bf3 Ke7 52. c5 f6 53. c6 Ke6 (53... a5 54. Kb3 $14) 54.
Rf4 (54. Bg4 Rc7 55. Kb3 Bf8 56. Rf1+ 56... Kf7 $14) 54... a5 (54... Bd6 55.
Ra4 $14) 1/2-1/2

[Event "Bad Woerishofen op"]
[Site "Bad Woerishofen"]
[Date "2001.??.??"]
[Round "4"]
[White "Liszka, Guenter"]
[Black "Deues, Erik"]
[Result "1/2-1/2"]
[WhiteElo "1750"]
[BlackElo "2130"]
[Annotator "ChessOrg"]
[PlyCount "73"]
[EventDate "1998.03.05"]
[Source "ChessBase"]
[SourceDate "1998.04.29"]

1. e4 {B60: Sizilianisch (Richter/Rauser-Angriff)} 1... c5 2. Nf3 Nc6 3. d4
cxd4 4. Nxd4 Nf6 5. Nc3 d6 6. Bg5 e5 7. Nb3 Be7 8. Qd2 8... Be6 {
letzter Buchzug} 9. Be2 O-O 10. O-O a6 11. Rad1 Ne8 12. Bxe7 Qxe7 13. Nd5 Qh4
14. f4 f5 (14... Rc8 15. c4 $14) 15. exf5 (15. fxe5 dxe5 16. Nc5 16... Nd4 $16)
15... Bxf5 $14 16. c3 Nf6 17. Nxf6+ (17. Ne3 Ng4 18. Bc4+ 18... Kh8 $14) 17...
Rxf6 18. fxe5 dxe5 19. Qd5+ (19. Nc5 $5 19... Rd8 20. Qe3 Rxd1 21. Bxd1 $16)
19... Be6 $15 20. Qc5 Raf8 (20... Rh6 21. h3 21... Rg6 $14) 21. Rxf6 $14 21...
Rxf6 (21... gxf6 $143 22. Bxa6 bxa6 23. Qxc6 $16) 22. Rf1 Rxf1+ 23. Bxf1 Qf4 (
23... Qd8 24. Bxa6 bxa6 25. Qxc6 Bxb3 26. axb3 Qd1+ 27. Kf2 Qd2+ 28. Kf3 Qd3+
29. Kg4 Qe2+ 30. Kf5 Qh5+ 31. Ke4 Qe2+ 32. Kf5 Qh5+ 33. Ke4 Qe2+ 34. Kf5 $11)
24. Qf2 (24. Qb6 $5 $16 $142) 24... Bxb3 25. Qxf4 exf4 26. axb3 Kf7 27. Kf2 Kf6
28. g3 Ke5 29. gxf4+ Kxf4 30. Bg2 a5 31. Bf3 g5 32. h3 Nd8 33. Bd5 h5 34. Kg2
g4 35. hxg4 hxg4 36. Kf2 g3+ 37. Kg2 1/2-1/2